| 000 | 00739cam a2200277 4500 | ||
|---|---|---|---|
| 001 | J114329 | ||
| 008 | 010824n2001 000 0 eng u | ||
| 035 | _a(Sirsi) u114329 | ||
| 110 |
_aRoyal Institution of Chartered Surveyors _94900 |
||
| 245 | _aRICS 1998-2001 from vision to reality. | ||
| 260 |
_aLondon _bRICS _c2001 |
||
| 300 |
_a18p. _bill. _c30cm |
||
| 350 | _a0.00 | ||
| 650 | _aAGENDA FOR CHANGE | ||
| 650 | _aCAREERS, EDUCATION AND TRAINING | ||
| 650 | _aINTERNATIONAL | ||
| 650 | _aLOCAL NETWORKS | ||
| 650 | _aNATIONAL NETWORKS | ||
| 650 | _aPROMOTION | ||
| 650 | _aRESEARCH | ||
| 650 |
_aRESIDENTIAL PROPERTY _96266 |
||
| 650 | _aRICS | ||
| 650 | _aRICS PUBLICATIONS | ||
| 690 | _aRICS NEWS | ||
| 942 | _n0 | ||
| 999 |
_c101615 _d101615 |
||